Η οριοθέτηση των θαλασσίων ζωνών της Ελλάδος, οι προοπτικές επίλυσης και η διεθνής πρακτική όσον αφορά τα κράτη της Μεσογείου : διπλωματική εργασία [μεταπτυχιακή εργασία]
Αποθηκεύτηκε σε:
| Κύριος συγγραφέας: | |
|---|---|
| Συγγραφή απο Οργανισμό/Αρχή: | |
| Άλλοι συγγραφείς: | |
| Μορφή: | Thesis Βιβλίο |
| Γλώσσα: | Greek |
| Δημοσίευση: |
2010
|
| Θέματα: | |
| Διαθέσιμο Online: | http://hdl.handle.net/11610/12437 |
| Ετικέτες: |
Προσθήκη ετικέτας
Δεν υπάρχουν, Καταχωρήστε ετικέτα πρώτοι!
|
MARC
| LEADER | 00000cam a2200000 i 4500 | ||
|---|---|---|---|
| 001 | 1/13492 | ||
| 008 | 110603s2010 gre d | ||
| 035 | |l 10110220 | ||
| 040 | |a GR-MY-UA |b gre |e aacr | ||
| 041 | 0 | |a gre | |
| 082 | 0 | |a 341.448 |2 (22) | |
| 100 | 1 | |a Δημητρόπουλος, Φώτιος. | |
| 245 | 1 | 2 | |a Η οριοθέτηση των θαλασσίων ζωνών της Ελλάδος, οι προοπτικές επίλυσης και η διεθνής πρακτική όσον αφορά τα κράτη της Μεσογείου : |b διπλωματική εργασία [μεταπτυχιακή εργασία] / |c Δημητρόπουλος Φώτιος ; επιβλέπων: Σεϊμένης Ιωάννης |
| 260 | |c 2010 | ||
| 300 | |a 88 σ.; |b χαρτ.; |c 30 εκ. | ||
| 500 | |a Μέλη εξεταστικής επιτροπής: Τσάκωνας Παναγιώτης, Κεφαλά Παρασκευή | ||
| 502 | |a Διατριβή (μεταπτυχιακή) – Πανεπιστήμιο Αιγαίου, Ρόδος, 2010. | ||
| 504 | |a Βιβλιογραφία: σ. 56-57 | ||
| 650 | 0 | 0 | |a Territorial waters |z Greece |z Aegean sea. |
| 650 | 0 | 0 | |a Law of the sea |z Aegean Sea Region. |
| 650 | 0 | 0 | |a Dissertations, Academic |z Greece. |
| 700 | 1 | |a Σεϊμένης, Γιάννης. |4 ths | |
| 710 | 2 | |a Πανεπιστήμιο Αιγαίου |b Σχολή Ανθρωπιστικών Επιστημών |b Τμήμα Μεσογειακών Σπουδών |b Πρόγραμμα Μεταπτυχιακών Σπουδών Πολιτικές, Οικονομικές και Διεθνείς Σχέσεις στη Μεσόγειο. | |
| 852 | |a INST |b RHODES |c DIATR |e 20110603 |h 341.448 ΔΗΜ |p 005400033300 |q 005400033300 |t MTXE |y 23 | ||
| 852 | |a INST |b RHODES |c DIATR |e 20110603 |h 341.448 ΔΗΜ |p 005400033421 |q 005400033421 |t MTXE |y 23 | ||
| 856 | |u http://hdl.handle.net/11610/12437 | ||
| 901 | |a BIBL4-2011-2 | ||
| 909 | |a Ρ |b 163622 | ||
| 909 | |a Ρ |b 163623 | ||
| 924 | |a ΔΗΜΗΤΡΟΠΟΥΛΟΣ |b ΦΩΤΙΟΣ |y ΡΟΔΟΣ |z 2011-06 | ||
| 970 | |z 2010/05/ | ||